Nuevas observaciones geológicas en la parte oriental del Neuquen y en el territorio del Rio Negro, (Record no. 26407)

MARC details
000 -LEADER
fixed length control field 01026cam a22002411 4500
001 - CONTROL NUMBER
control field gs 25000373
003 - CONTROL NUMBER IDENTIFIER
control field DLC
005 - DATE AND TIME OF LATEST TRANSACTION
control field 20260227111329.0
008 - FIXED-LENGTH DATA ELEMENTS--GENERAL INFORMATION
fixed length control field 871209s1924 ag af b 000 0 spa c
010 ## - LIBRARY OF CONGRESS CONTROL NUMBER
LC control number gs 25000373
035 ## - SYSTEM CONTROL NUMBER
System control number (OCoLC)17212346
040 ## - CATALOGING SOURCE
Original cataloging agency Library, U.S. Geological Survey
Transcribing agency TxDaM
Modifying agency DLC
042 ## - AUTHENTICATION CODE
Authentication code premarc
050 00 - LIBRARY OF CONGRESS CALL NUMBER
Classification number QE231
Item number .A35 no. 2
100 1# - MAIN ENTRY--PERSONAL NAME
Personal name Wichmann, Richard,
Dates associated with a name 1881-1930.
245 10 - TITLE STATEMENT
Title Nuevas observaciones geológicas en la parte oriental del Neuquen y en el territorio del Rio Negro,
Statement of responsibility, etc. por R. Wichmann ...
260 ## - PUBLICATION, DISTRIBUTION, ETC.
Place of publication, distribution, etc. Buenos Aires,
Name of publisher, distributor, etc. Talleres gráficos del Ministerio de agricultura de la nación,
Date of publication, distribution, etc. 1924.
300 ## - PHYSICAL DESCRIPTION
Extent 22 p.
Other physical details VIII pl., fold. profile, tables.
Dimensions 27 cm.
490 0# - SERIES STATEMENT
Series statement [Argentine Republic] Dirección general de minas, geología e hidrologia (Sección: Geología) Publicación
Volume/sequential designation no. 2
500 ## - GENERAL NOTE
General note At head of title: República Argentina. Ministerio de agricultura de la nación.
504 ## - BIBLIOGRAPHY, ETC. NOTE
Bibliography, etc. note "Bibliografia ": p. 21-22.
650 #0 - SUBJECT ADDED ENTRY--TOPICAL TERM
Topical term or geographic name entry element Geology
Geographic subdivision Argentina
-- Río Negro.

No items available.

Powered by Koha